Pope poetry & rouse (W/O vide BOO on 1975) (Record no. 243486)
[ view plain ]
| 000 -LEADER | |
|---|---|
| fixed length control field | 00201 a2200097 4500 |
| 001 - CONTROL NUMBER | |
| control field | 8413 |
| 090 ## - LOCALLY ASSIGNED LC-TYPE CALL NUMBER (OCLC); LOCAL CALL NUMBER (RLIN) | |
| -- | 6783 |
| -- | 6783 |
| 100 ## - MAIN ENTRY--PERSONAL NAME | |
| Personal name | Pope, A |
| 245 ## - TITLE STATEMENT | |
| Title | Pope poetry & rouse (W/O vide BOO on 1975) |
| 260 ## - PUBLICATION, DISTRIBUTION, ETC. | |
| Name of publisher, distributor, etc. | Oxford |
| 942 ## - ADDED ENTRY ELEMENTS (KOHA) | |
| Institution code [OBSOLETE] | NUST-CAE |
| Withdrawn status | Lost status | Damaged status | Not for loan | Collection code | Permanent Location | Current Location | Date acquired | Total Checkouts | Barcode | Date last seen | Price effective from | Koha item type |
|---|---|---|---|---|---|---|---|---|---|---|---|---|
| College of Aeronautical Engineering (CAE) | College of Aeronautical Engineering (CAE) | 04/03/2017 | CAE8617 | 04/05/2017 | 04/05/2017 | Book |
